Catalog

Record Details

Catalog Search



Člověk očima přírodních věd a křesťanské teologie / Jana Vacíková

Vacíková, Jana (Author).

Record details

  • ISBN: 978-80-261-0343-1
  • Physical Description: 142 s. ; 21 cm
  • Edition: 1. vyd.
  • Publisher: Plzeň : Západočeská univerzita, 2014

Content descriptions

Bibliography, etc. Note:
Obsahuje bibliografii
Language Note:
Anglické a ruské resumé
Subject: biologická antropologie

Available copies

  • 1 of 1 copy available at Common Catalog SPOK.

Holds

  • 0 current holds with 1 total copy.
Show Only Available Copies
Location Call Number / Copy Notes Barcode Shelving Location Status Due Date
Jabok Library ST-3.8 424480033066 Odborná literatura Available -

LDR 00891nam a22002652a 4500
00119474
003CZ-PrJAB
00520150316085435.0
008150127s2014 xr er |000 0 cze d
020 . ‡a978-80-261-0343-1
035 . ‡a(CZ PrSKC)000207333
040 . ‡aPND008 ‡bcze
0410 . ‡acze ‡beng ‡brus
080 . ‡a572 ‡2MRF
1001 . ‡aVacíková, Jana ‡7jo2015856455 ‡4aut
24510. ‡aČlověk očima přírodních věd a křesťanské teologie / ‡cJana Vacíková
250 . ‡a1. vyd.
260 . ‡aPlzeň : ‡bZápadočeská univerzita, ‡c2014
300 . ‡a142 s. ; ‡c21 cm
504 . ‡aObsahuje bibliografii
546 . ‡aAnglické a ruské resumé
65007. ‡abiologická antropologie ‡7ph669531 ‡2czenas
6530 . ‡aetologie ‡agenetika ‡aevoluce člověka ‡aantropogeneze ‡ašimpanzi ‡avýlučnost člověka ‡akřesťanská teologie
910 . ‡aABG312
901 . ‡a19474 ‡b ‡c19474 ‡tbiblio

Additional Resources